000 00482nam a2200181Ia 4500
001 24882
005 20260414151113.0
008 260414t1980||||xx |||||||||||||| ||spa||
041 _aESP
082 _a346
_bP87 T. 2
100 _aPontificia Universidad Católica del Perú
_eAUT
245 0 _aProyectos y anteproyectos de la reforma del código civil
_b
260 _c1980
300 _a717 páginas :
_c21 cm.
650 _aDER
654 _aCDE
942 _cLIB
_dJUS
_fJUS
_2ddc
_n
999 _c24882
_d24882